000 01029cam a22003137a 4500
003 CHAP
005 20220329134122.0
008 971013s1961 r 00010 d
010 _a15657
011 _a16629
035 _a20711
040 _cCHAP
090 _aFolleto 5506
100 0 0 _aBesnier Romero, Fernando.
_912033
245 1 4 _aLas semillas selectas
260 _aMadrid :
_bMinisterio de Agricultura,
_c1961
300 _a20 p.
_b: ilus.
490 0 _aMadrid. Ministerio de Agricultura. Hojas divulgadoras
_v; 12/61
590 _aBATCH-UPD
_b10
_c20130110
_lUCH01
_h0039
590 _aBATCH-UPD
_b10
_c20130110
_lUCH01
_h1559
590 _aBATCH-UPD
_b10
_c20130410
_lUCH01
_h0957
590 _aBATCH-UPD
_b10
_c20130914
_lUCH01
_h1740
590 _aCONVERSION
_b10
_c20130109
_lUCH01
_h1310
650 1 4 _aSemillas
_xSelección.
_9103931
830 0 _aMadrid. Ministerio de Agricultura. Hojas divulgadoras
_v; 12/61
_969716
901 _aBK
942 _cFOLL
949 _aFolleto 5506
_bBC
_cFOLL
_d-48280
_eTS1
_i20711
_mD
_si
999 _c15657
_d15657